000 00401nam a22001697a 4500
005 20160620103957.0
008 160620b xxu||||| |||| 00| 0 eng d
020 _a81-203-2302-5
041 _aeng
082 _b8375
100 _aSemon, Julin
_92292
245 _aDeveloping Decision Making Shills for Business
260 _bPHI
_c2004
300 _a220
650 _aManagement
_9241
942 _cBK
999 _c3211
_d3210